| 000 | 00922nam a22002297a 4500 | ||
|---|---|---|---|
| 999 |
_c13248 _d13248 |
||
| 003 | AR-CdUCM | ||
| 008 | 190411b ||||| |||| 00| 0 spa d | ||
| 040 |
_aMUNICIPALIDAD PROVINCIAL DEL CUSCO _cBIBLIOTECA MUNICIPAL DEL CUSCO |
||
| 082 |
_a801.082 / _bR666 / 1962 |
||
| 100 |
_aRobles Rosales, César Raúl _931551 |
||
| 245 |
_aLa primavera : _bSelección de leyendas, poesías y escenificaciones / |
||
| 260 |
_aHuancayo : _bAzael, _c1962. |
||
| 300 |
_a103 páginas ; _bImágenes, ilustraciones, _c34 cm. |
||
| 440 |
_n1 _99124 |
||
| 505 | _aContenido: Trozos selectos -- Leyendas -- Poesías relacionadas exclusivamente con la primavera -- Versos de Leopoldo Lugones : a la primavera y adaptables a la misma fecha, desde la página ... | ||
| 650 |
_aPoesías _92272 |
||
| 650 |
_aLeyendas _92226 |
||
| 650 |
_aLiteratura peruana _9169 |
||
| 650 |
_aSiglo XX _98 |
||
| 942 |
_2ddc _cTESIS |
||
| 945 |
_acmm _d2019-04-11 |
||